Strategická rovina trvalo udržateľného rozvoja podniku
Problematika trvalo udržateľného rozvoja v rovine implementácie koncepcie trvalo udržateľného rozvoja v podniku. Ciele, vízia a následná stratégia trvalo udržateľného rozvoja podniku až po skutočnú realizáciu v praxi.
Salvato in:
| Autore principale: | |
|---|---|
| Altri autori: | |
| Natura: | Capitolo di libro |
| Lingua: | slovacco |
| Soggetti: | |
| Tags: |
Nessun Tag, puoi essere il primo ad aggiungerne!!
|
MARC
| LEADER | 00000naa a2200000 4500 | ||
|---|---|---|---|
| 001 | 0210355 | ||
| 005 | 20231207080342.0 | ||
| 041 | 0 | |a slo | |
| 044 | |a SK | ||
| 245 | 1 | 0 | |a Strategická rovina trvalo udržateľného rozvoja podniku |c Viera Marková, Petra Lesníková |
| 520 | |a Problematika trvalo udržateľného rozvoja v rovine implementácie koncepcie trvalo udržateľného rozvoja v podniku. Ciele, vízia a následná stratégia trvalo udržateľného rozvoja podniku až po skutočnú realizáciu v praxi. | ||
| 610 | 2 | 0 | |a politika podnikania |
| 610 | 2 | 0 | |a prostredie podnikateľské |
| 610 | 2 | 0 | |a stratégia podnikateľská |
| 610 | 2 | 0 | |a rozvoj trvalo udržateľný |
| 610 | 2 | 0 | |a ciele podnikové |
| 100 | 1 | |a Marková, Viera | |
| 700 | 1 | |a Lesníková, Petra | |